A helyesírás fokozása

Elmentve itt :
Bibliográfiai részletek
Szerző: Barabás Ilona
Dokumentumtípus: Cikk
Megjelent: 1941
Sorozat:Gyakorlati pedagógia 6 No. 1
Kulcsszavak:Magyar nyelvtan tanítása - általános iskola, Helyesírás tanítása - általános iskola, Pedagógia - gyakorlati
Tárgyszavak:
Online Access:http://acta.bibl.u-szeged.hu/52077
LEADER 00732nab a2200193 i 4500
001 acta52077
005 20250402153157.0
008 180516s1941 hu o 000 hun d
040 |a SZTE Egyetemi Kiadványok Repozitórium  |b hun 
041 |a hun 
100 1 |a Barabás Ilona 
245 1 2 |a A helyesírás fokozása  |h [elektronikus dokumentum] /  |c  Barabás Ilona 
260 |c 1941 
300 |a 2-5 
490 0 |a Gyakorlati pedagógia  |v 6 No. 1 
650 4 |a Társadalomtudományok 
650 4 |a Oktatástudomány 
695 |a Magyar nyelvtan tanítása - általános iskola, Helyesírás tanítása - általános iskola, Pedagógia - gyakorlati 
856 4 0 |u http://acta.bibl.u-szeged.hu/52077/1/gyakorlati_1941_001_002-005.pdf  |z Dokumentum-elérés